[Event "North County CC op 199th"]
[Site "San Diego"]
[Date "2006.01.13"]
[Round "3"]
[White "Sullivan, Greg"]
[Black "Boyd, James"]
[Result "1/2-1/2"]
[WhiteElo "1826"]
[BlackElo "1752"]
[PlyCount "111"]
[EventDate "2006.12.09"]
[EventType "swiss"]
[EventRounds "5"]
[EventCountry "USA"]
[SourceTitle "EXT 2009"]
[Source "ChessBase"]
[SourceDate "2008.11.26"]
[SourceVersion "1"]
[SourceVersionDate "2008.11.26"]
[SourceQuality "1"]

1. d4 d5 2. c4 e6 3. Nc3 Nf6 4. Nf3 Be7 5. e3 Nbd7 6. Bd2 h6 7. b3 c5 8. dxc5 Nxc5 9. b4 Nce4 10. cxd5 Nxd2 11. Nxd2 Nxd5 12. Bb5+ Bd7 13. Nxd5 Bxb5 14. Nxe7 Qxe7 15. a4 Bd3 16. Qb3 Rd8 17. f3 0-0 18. Kf2 Bg6 19. Rhd1 Rd3 20. Qc4 Rfd8 21. Ra2 Qd7 22. Ke2 Rd6 23. e4 Rc6 24. Qb3 Qd4 25. Nb1 Qxd1+ 26. Qxd1 Rxd1 27. Kxd1 f5 28. exf5 Bxf5 29. Nd2 Kf7 30. Ke2 Rc2 31. Rxc2 Bxc2 32. a5 Ba4 33. Ke3 a6 34. Nc4 Kf6 35. g3 e5 36. Nd6 Bc6 37. Nc4 g5 38. Nd2 Ke6 39. Ne4 Kd5 40. Kd3 Bb5+ 41. Kc3 Be2 42. Nd2 Ke6 43. Kc2 g4 44. fxg4 Bxg4 45. Kd3 Kd5 46. Ke3 Bf5 47. Nf3 Bd7 48. Nd2 Bb5 49. g4 Be8 50. h4 Bg6 51. Nf3 e4 52. Nd2 h5 53. gxh5 Bxh5 54. Nxe4 Kc4 55. Nd6+ Kxb4 56. Nxb7 1/2-1/2

[Event "North County CC op 195th"]
[Site "San Diego"]
[Date "2005.07.08"]
[Round "3"]
[White "Boyd, James"]
[Black "Nelson, Tom"]
[Result "0-1"]
[WhiteElo "1799"]
[BlackElo "2119"]
[PlyCount "43"]
[EventDate "2005.06.24"]
[EventType "swiss"]
[EventRounds "5"]
[EventCountry "USA"]
[SourceTitle "EXT 2009"]
[Source "ChessBase"]
[SourceDate "2008.11.26"]
[SourceVersion "1"]
[SourceVersionDate "2008.11.26"]
[SourceQuality "1"]

1. e4 c5 2. Nf3 Nc6 3. c4 g6 4. Nc3 Bg7 5. d3 d6 6. g3 Nf6 7. Bg2 0-0 8. 0-0 a6 9. Rb1 Rb8 10. a4 Bd7 11. Be3 Ng4 12. Bd2 Nce5 13. Nxe5 Nxe5 14. Qe2 Nc6 15. e5 Nd4 16. Qe1 b5 17. axb5 axb5 18. b3 Bg4 19. h3 Bd7 20. Ne2 bxc4 21. bxc4 Rxb1 22. Qxb1 0-1

[Event "North County CC op 192nd"]
[Site "San Diego"]
[Date "2005.04.08"]
[Round "5"]
[White "Boyd, James"]
[Black "Nelson, Tom"]
[Result "0-1"]
[WhiteElo "1766"]
[BlackElo "2085"]
[PlyCount "40"]
[EventDate "2005.03.04"]
[EventType "swiss"]
[EventRounds "5"]
[EventCountry "USA"]
[SourceTitle "EXT 2009"]
[Source "ChessBase"]
[SourceDate "2008.11.26"]
[SourceVersion "1"]
[SourceVersionDate "2008.11.26"]
[SourceQuality "1"]

1. e4 c5 2. Nf3 Nc6 3. c4 g6 4. Nc3 Bg7 5. Be2 d6 6. 0-0 e5 7. d3 h6 8. h3 Nge7 9. Nd5 Nxd5 10. cxd5 Ne7 11. Nd2 g5 12. Bh5 0-0 13. g4 Kh7 14. Nf3 Ng8 15. h4 Nf6 16. hxg5 Nxh5 17. gxh6 Bxg4 18. hxg7 Kxg7 19. Qd2 Nf4 20. Nh2 Bh3 0-1

[Event "North County CC op 192nd"]
[Site "San Diego"]
[Date "2005.03.18"]
[Round "3"]
[White "Sullivan, Greg"]
[Black "Boyd, James"]
[Result "0-1"]
[WhiteElo "1828"]
[BlackElo "1740"]
[PlyCount "69"]
[EventDate "2005.03.04"]
[EventType "swiss"]
[EventRounds "5"]
[EventCountry "USA"]
[SourceTitle "EXT 2009"]
[Source "ChessBase"]
[SourceDate "2008.11.26"]
[SourceVersion "1"]
[SourceVersionDate "2008.11.26"]
[SourceQuality "1"]

1. d4 Nf6 2. c4 e6 3. Nc3 d5 4. Bg5 Be7 5. e3 Nbd7 6. Nf3 0-0 7. Bd3 h6 8. Bh4 dxc4 9. Bxc4 Nd5 10. Bxe7 Nxe7 11. 0-0 Ng6 12. Rc1 b6 13. Qc2 Bb7 14. Be2 a6 15. Rfd1 Nh4 16. Ne4 Nf5 17. Bd3 Rc8 18. b4 Nd6 19. Ned2 c5 20. Qb2 c4 21. Bxc4 Bxf3 22. gxf3 Qg5+ 23. Kf1 Nxc4 24. Nxc4 Qh4 25. Ke2 Qxh2 26. Rh1 Qb8 27. f4 b5 28. Ne5 Nxe5 29. fxe5 Rxc1 30. Rxc1 Rc8 31. Rc5 Rxc5 32. bxc5 b4 33. f3 Qb7 34. e4 g5 35. Ke3 0-1

[Event "North County CC op 189th"]
[Site "San Diego"]
[Date "2004.11.12"]
[Round "3"]
[White "Ross, Michael"]
[Black "Boyd, James"]
[Result "1-0"]
[WhiteElo "1294"]
[BlackElo "1785"]
[PlyCount "79"]
[EventDate "2004.10.29"]
[EventType "swiss"]
[EventRounds "5"]
[EventCountry "USA"]
[SourceTitle "EXT 2009"]
[Source "ChessBase"]
[SourceDate "2008.11.26"]
[SourceVersion "1"]
[SourceVersionDate "2008.11.26"]
[SourceQuality "1"]

1. d4 Nf6 2. c4 e6 3. Bg5 Be7 4. Nc3 d5 5. cxd5 exd5 6. e3 b6 7. Bb5+ c6 8. Ba4 h6 9. Bh4 0-0 10. Bb3 Ne4 11. Bxe7 Qxe7 12. Nxe4 Qxe4 13. Nf3 Ba6 14. Bc2 Qg4 15. Rg1 Nd7 16. h3 Qe6 17. Nh4 Qe7 18. Nf5 Qb4+ 19. Qd2 Qxb2 20. Nxh6+ gxh6 21. Bh7+ Kxh7 22. Qxb2 c5 23. Kd2 c4 24. Qc2+ Kh8 25. Qf5 Rad8 26. Qxd5 f6 27. Qh5 Kg7 28. Kc3 f5 29. f4 Nf6 30. Qh4 Rde8 31. g4 Nd5+ 32. Kd2 c3+ 33. Kc2 Rxe3 34. gxf5+ Kh7 35. Rae1 Bd3+ 36. Kb3 Rxe1 37. Qxe1 Rd8 38. Qe6 Bc2+ 39. Kxc2 Nb4+ 40. Kb3 1-0

[Event "North County CC op 189th"]
[Site "San Diego"]
[Date "2004.10.29"]
[Round "1"]
[White "Nelson, Tom"]
[Black "Boyd, James"]
[Result "1-0"]
[WhiteElo "2102"]
[BlackElo "1785"]
[PlyCount "115"]
[EventDate "2004.10.29"]
[EventType "swiss"]
[EventRounds "5"]
[EventCountry "USA"]
[SourceTitle "EXT 2009"]
[Source "ChessBase"]
[SourceDate "2008.11.26"]
[SourceVersion "1"]
[SourceVersionDate "2008.11.26"]
[SourceQuality "1"]

1. d4 Nf6 2. c4 e6 3. Nc3 d5 4. Bg5 Be7 5. e3 Nbd7 6. Rc1 c6 7. Nf3 Ne4 8. Bxe7 Qxe7 9. Bd3 f5 10. 0-0 0-0 11. a3 a6 12. b4 g5 13. Ne5 Nxe5 14. dxe5 Qg7 15. f4 g4 16. Bxe4 fxe4 17. Na4 Bd7 18. Nc5 Bc8 19. g3 h5 20. Qd4 Rb8 21. Rf2 Kh7 22. Kg2 Qe7 23. Rh1 Kg6 24. h3 b6 25. Na4 b5 26. cxb5 cxb5 27. Nc5 Rf7 28. hxg4 hxg4 29. Qd1 Rg7 30. Qxg4+ Kf7 31. Qh5+ Kf8 32. Qh8+ Rg8 33. Qh6+ Ke8 34. Qh5+ Qf7 35. Qxf7+ Kxf7 36. Rff1 Ra8 37. Nb3 Bb7 38. Rc1 Rg7 39. Rc7+ Kg8 40. Rxg7+ Kxg7 41. Rc1 Rc8 42. Rxc8 Bxc8 43. g4 Kg6 44. Nc5 Kh6 45. Kg3 Kg6 46. Kh4 Kh6 47. g5+ Kg6 48. Kg4 Kg7 49. Nb3 Bd7 50. Nd4 Kg6 51. Kh4 Bc8 52. Kg4 Bb7 53. Nb3 Kg7 54. Nc5 Bc8 55. Kh5 Kh7 56. g6+ Kg8 57. Kg5 Kh8 58. Kf6 1-0

[Event "North County CC op 188th"]
[Site "San Diego"]
[Date "2004.10.01"]
[Round "2"]
[White "Boyd, James"]
[Black "Nelson, Tom"]
[Result "1/2-1/2"]
[WhiteElo "1780"]
[BlackElo "2081"]
[PlyCount "70"]
[EventDate "2004.09.24"]
[EventType "swiss"]
[EventRounds "5"]
[EventCountry "USA"]
[SourceTitle "EXT 2009"]
[Source "ChessBase"]
[SourceDate "2008.11.26"]
[SourceVersion "1"]
[SourceVersionDate "2008.11.26"]
[SourceQuality "1"]

1. e4 c5 2. Nc3 Nc6 3. g3 g6 4. Bg2 Bg7 5. Nge2 e6 6. 0-0 Nge7 7. d3 d5 8. exd5 exd5 9. Nf4 d4 10. Ne4 b6 11. a3 0-0 12. Bd2 a5 13. h4 Ra7 14. Re1 Ne5 15. f3 Nf5 16. Ne2 c4 17. Bg5 f6 18. Bf4 cxd3 19. cxd3 Be6 20. Bxe5 fxe5 21. Qa4 Bh6 22. f4 exf4 23. gxf4 Ne3 24. Nxd4 Nxg2 25. Nxe6 Qxh4 26. Kxg2 Qg4+ 27. Ng3 Bxf4 28. Nxf4 Rxf4 29. Qe8+ Kg7 30. Re7+ Rxe7 31. Qxe7+ Kg8 32. Qe8+ Kg7 33. Re1 Qf3+ 34. Kh3 Qg4+ 35. Kg2 Qf3+ 1/2-1/2

[Event "North County CC op 186th"]
[Site "San Diego"]
[Date "2004.08.13"]
[Round "5"]
[White "Boyd, James"]
[Black "Nelson, Tom"]
[Result "0-1"]
[WhiteElo "2110"]
[BlackElo "1721"]
[PlyCount "70"]
[EventDate "2004.07.16"]
[EventType "swiss"]
[EventRounds "5"]
[EventCountry "USA"]
[SourceTitle "EXT 2009"]
[Source "ChessBase"]
[SourceDate "2008.11.26"]
[SourceVersion "1"]
[SourceVersionDate "2008.11.26"]
[SourceQuality "1"]

1. e4 c5 2. Nf3 Nc6 3. c4 g6 4. Nc3 Bg7 5. g3 d6 6. Bg2 e6 7. d3 Nge7 8. 0-0 0-0 9. Be3 Nd4 10. Qd2 Nec6 11. Rab1 b6 12. Ne2 Nxf3+ 13. Bxf3 Ne5 14. Bg2 Ng4 15. d4 Nxe3 16. fxe3 Ba6 17. b3 Qe7 18. Nf4 Bb7 19. d5 e5 20. Ne2 f5 21. exf5 gxf5 22. e4 Bc8 23. Bh3 f4 24. Bxc8 Raxc8 25. Rf3 Rf6 26. Nc3 Rcf8 27. Kg2 fxg3 28. Rxg3 Qf7 29. Qe1 Kh8 30. Rb2 Bh6 31. Qe2 Bf4 32. Rg4 h5 33. Rh4 Rg6+ 34. Kh1 Rg5 35. Rb1 Rfg8 0-1

[Event "North County CC op 186th"]
[Site "San Diego"]
[Date "2004.07.23"]
[Round "2"]
[White "Boyd, James"]
[Black "Sullivan, Greg"]
[Result "0-1"]
[WhiteElo "1721"]
[BlackElo "1813"]
[PlyCount "60"]
[EventDate "2004.07.16"]
[EventType "swiss"]
[EventRounds "5"]
[EventCountry "USA"]
[SourceTitle "EXT 2009"]
[Source "ChessBase"]
[SourceDate "2008.11.26"]
[SourceVersion "1"]
[SourceVersionDate "2008.11.26"]
[SourceQuality "1"]

1. e4 c5 2. Nf3 d6 3. d4 cxd4 4. Nxd4 Nf6 5. Nc3 g6 6. h3 Bg7 7. Be3 Nc6 8. Be2 Bd7 9. Qd2 a6 10. 0-0 Qc7 11. Nd5 Nxd5 12. exd5 Nxd4 13. Bxd4 Bxd4 14. Qxd4 0-0 15. c4 Rac8 16. a4 e5 17. Qe3 f5 18. f4 Rfe8 19. fxe5 Rxe5 20. Qf2 Rce8 21. Rfe1 Qa5 22. b3 Qb4 23. Rab1 Qd2 24. Kf1 Re3 25. Rbd1 Qc3 26. Rb1 Qe5 27. Bf3 f4 28. Qd2 Bf5 29. Rbd1 Bd3+ 30. Kf2 Qd4 0-1

[Event "North County CC op 185th"]
[Site "San Diego"]
[Date "2004.06.11"]
[Round "1"]
[White "Boyd, James"]
[Black "Tiernan, Timothy M"]
[Result "1-0"]
[WhiteElo "1721"]
[BlackElo "1202"]
[PlyCount "119"]
[EventDate "2004.06.11"]
[EventType "swiss"]
[EventRounds "5"]
[EventCountry "USA"]
[SourceTitle "EXT 2009"]
[Source "ChessBase"]
[SourceDate "2008.11.26"]
[SourceVersion "1"]
[SourceVersionDate "2008.11.26"]
[SourceQuality "1"]

1. e4 c5 2. Nf3 d6 3. d4 cxd4 4. Nxd4 Nf6 5. Nc3 a6 6. Be2 e6 7. 0-0 Be7 8. a4 0-0 9. Be3 Nc6 10. Nxc6 bxc6 11. a5 c5 12. Na4 Nxe4 13. Nb6 Rb8 14. Qd3 d5 15. Bf4 c4 16. Qf3 Bd6 17. Rad1 Bb7 18. Bxd6 Nxd6 19. Qf4 Qe7 20. Rfe1 Ne4 21. Bf3 Nf6 22. Bxd5 Bxd5 23. Nxd5 Nxd5 24. Rxd5 Qb4 25. Rde5 Qxb2 26. Qxc4 Rb5 27. Rc5 g6 28. h3 Rd8 29. Rc8 Rbd5 30. Re2 Qb7 31. Rxd8+ Rxd8 32. Re3 Rd1+ 33. Kh2 Qb8+ 34. g3 Qb7 35. g4 g5 36. Qe4 Qc7+ 37. Qe5 Qxe5+ 38. Rxe5 Rd5 39. Rxd5 exd5 40. Kg3 Kf8 41. f4 f6 42. h4 h6 43. fxg5 fxg5 44. hxg5 hxg5 45. Kf3 Ke7 46. Ke3 Kd6 47. Kd4 Kc6 48. Ke5 Kb5 49. Kxd5 Kxa5 50. Kc5 Ka4 51. c4 Kb3 52. Kd5 a5 53. c5 a4 54. c6 a3 55. c7 a2 56. c8Q a1Q 57. Qc4+ Kb2 58. Qd4+ Kb1 59. Qxa1+ Kxa1 60. Ke5 1-0